Регионална библиотека "Любен Каравелов" - Русе

Боряна (Запис номер 422542)

MARC детайли
000 -Лидер
Контролно поле с фиксирана дължина 00916nam a2200253 c 4500
003 - Код на организацията, давaща контролен номер
Контролно поле BLK
005 - Дата и час на последна редакция
Контролно поле 20241025005440.0
008 - Елементи от данни с фиксирана дължина
fixed length control field 180408b bul|||||r ||||||| ||bul||
010 ## - Наследен системен номер
LC control number KNG00058791000
040 ## - Източник на каталожния запис
Идентификатор на билиотеката - собственик на записа BLK
041 ## - Код за език
Код за езика на текст/звукозапис или на отделно заглавие Български
Код за езика КДБФ Български
080 ## - УДК
Текстов определител УДК Българска литература
УДК код - определител по УДК 821.163.2
УДК определител -2
УДК - код + определител 821.163.2-2
100 ## - Редна дума - Автор
Автор Йовков, Йордан Стефанов
Дати, свързани с автора 1880-1937
Автор - информация (биография) Писател класик - белетрист, драматург, майстор на късия разказ
R(LIN) 363298
139 ## - Редно поле
Редна дума Йовков, Йордан Стефанов
Авторски знак Иовк - И 77
245 10 - Сведения за заглавието
Заглавие Боряна
Редно поле (дума) Йордан Йовков
Подзаглавни данни Драма в 4 д.
257 ## - Страна на издаване
Страна на създаване/издаване България
260 ## - Област на издателските данни
Име на издателя, разпространителя и проч. Хемус
Година на издаване 1946
9 (RLIN) 209594
Място на издаване, разпространение и проч. София
Издателство - префикс ISBN 954-428-
300 ## - Физическа характеристика
Страници 153 с.
Размери/Мащаб 20 см
380 ## - Жанр
Жанр Худож. лит.
852 ## - Местоположение
Форматна сигнатура Цб 8.175.29898
999 ## - СИСТЕМНИ КОНТРОЛНИ НОМЕРА
Koha biblionumber 422542
Koha biblioitemnumber 422542
942 ## - АРТИКУЛИ
Вид на библиотечния материал Книги
Скрит в OPAC Не
Периодичен библиозапис Да
944 ## - СЪЗДАВАНЕ И РЕДАКЦИЯ на ЗАПИСА
Създаване/Редакция Създаване
Дата на регистрацията/редакция 2021-07-01
Служител, извършил регистрацията/редакцията
Статус, дата на статуса CRON CRON
999 ## - СИСТЕМНИ КОНТРОЛНИ НОМЕРА
Koha biblioitemnumber 422542
Наличности
Код за отписване Код за изгубен артикул Източник на класификационната схема Код за повреда Коз за рестрикции Код за отдаване Артикулен № Име на библиотеката - собственик Име на библиотеката, в която се намира в момента Статус (Текущо местоположение) Дата на вписване в системата Местоположение - отдел Цена в лева Инвентарен номер Систематично азбучна сигнатура Баркод Цена в евро Служебен тип на артикула
  Не е изгубен Universal Decimal Classification Не е повреден само за читалня ползва се в читалня 840865 Регионална библиотека "Любен Каравелов" Русе Регионална библиотека "Любен Каравелов" Русе Хранилище 2021-07-05 Основен фонд - ползва се само за читалня 0.35 441/53-пф Цб 8.175.29898 900000068041 0.18 Книги
Vip Innovations Ltd, Rousse, Bulgaria 2025